000 00335 a2200157 4500
001 150217
040 _cEscola São Tomás de Aquino
100 _aTRAMBAIOLLI, Egidio Neto
240 1 0 _aOs olímpicos
_lpor
245 1 0 _aOs olímpicos
300 _a16
362 0 _a1999
440 1 _aFTD
697 _aMATEMÁTICA
942 _cBK
999 _c150217
_d150217